MARC details
| 000 -LEADER |
| campo de control de longitud fija |
02031nam a2200349 i 4500 |
| 001 - NÚMERO DE CONTROL |
| campo de control |
159645 |
| 003 - IDENTIFICADOR DE NÚMERO DE CONTROL |
| campo de control |
ES-MaACL |
| 005 - FECHA Y HORA DE LA ÚLTIMA TRANSACCIÓN |
| campo de control |
20250815150255.0 |
| 008 - DATOS DE LONGITUD FIJA--INFORMACIÓN GENERAL |
| campo de control de longitud fija |
940202m18881896sp |||| | spa d |
| 100 1# - ENTRADA PRINCIPAL--NOMBRE DE PERSONA |
| Nombre de persona |
Milá y Fontanals, Manuel. |
| 9 (RLIN) |
81077 |
| 245 10 - MENCIÓN DEL TÍTULO |
| Título |
Obras completas / |
| Mención de responsabilidad, etc. |
de Manuel Milá y Fontanals ; coleccionadas por D. Marcelino Menéndez y Pelayo. |
| 260 ## - PUBLICACIÓN, DISTRIBUCIÓN, ETC. |
| Lugar de publicación, distribución, etc. |
Barcelona : |
| Nombre del editor, distribuidor, etc. |
Librería de Álvaro Verdaguer, |
| Fecha de publicación, distribución, etc. |
1888-1896 ( |
| Fabricante |
Imp. Barcelonesa) |
| 300 ## - DESCRIPCIÓN FÍSICA |
| Extensión |
8 v. ; |
| Dimensiones |
22 cm. |
| 505 8# - NOTA DE CONTENIDO CON FORMATO |
| Nota de contenido con formato |
Contiene: I. Tratados doctrinales de literatura - II. De los trovadores en España: estudio de poesía y lengua provenzal - III. Estudios sobre historia, lengua y literatura de Cataluña - IV.-VI. Opúsculos literarios - VII. De la poesía heroico-popular castellana - VIII. Romancerillo catalán |
| 530 ## - NOTA DISPONIBLE DE FORMULARIO FÍSICO ADICIONAL |
| Nota de formato físico adicional disponible |
Disponibles en formato digital los v. 1 al 6. |
| 650 #4 - PUNTO DE ACCESO ADICIONAL DE MATERIA--TÉRMINO DE MATERIA |
| Término de materia o nombre geográfico como elemento de entrada |
Literatura- |
| Subdivisión general |
Filosofía. |
| 9 (RLIN) |
14488 |
| 650 #7 - PUNTO DE ACCESO ADICIONAL DE MATERIA--TÉRMINO DE MATERIA |
| Término de materia o nombre geográfico como elemento de entrada |
Estética literaria |
| Fuente del encabezamiento o término |
embne |
| 9 (RLIN) |
12544 |
| 650 #4 - PUNTO DE ACCESO ADICIONAL DE MATERIA--TÉRMINO DE MATERIA |
| Término de materia o nombre geográfico como elemento de entrada |
Poesía provenzal- |
| Subdivisión general |
Historia y crítica. |
| 9 (RLIN) |
142887 |
| 650 #4 - PUNTO DE ACCESO ADICIONAL DE MATERIA--TÉRMINO DE MATERIA |
| Término de materia o nombre geográfico como elemento de entrada |
Trovadores- |
| Subdivisión general |
Historia. |
| 9 (RLIN) |
136959 |
| 650 04 - PUNTO DE ACCESO ADICIONAL DE MATERIA--TÉRMINO DE MATERIA |
| Término de materia o nombre geográfico como elemento de entrada |
Lengua catalana. |
| 9 (RLIN) |
14096 |
| 650 #4 - PUNTO DE ACCESO ADICIONAL DE MATERIA--TÉRMINO DE MATERIA |
| Término de materia o nombre geográfico como elemento de entrada |
Literatura catalana- |
| Subdivisión general |
Historia y crítica. |
| 9 (RLIN) |
14515 |
| 650 ## - PUNTO DE ACCESO ADICIONAL DE MATERIA--TÉRMINO DE MATERIA |
| Término de materia o nombre geográfico como elemento de entrada |
Literatura- |
| Subdivisión general |
Historia y crítica. |
| 9 (RLIN) |
14489 |
| 700 1# - ENTRADA AGREGADA--NOMBRE PERSONAL |
| Nombre de persona |
Menéndez y Pelayo, Marcelino, |
| Fechas asociadas al nombre |
1856-1912 |
| 9 (RLIN) |
80332 |
| 852 ## - LOCALIZACIÓN |
| Ubicación |
ES-MaACL |
| Número de control de estantería |
B-1306-13 |
| Nota libre |
- Enc. pasta española |
| 856 ## - LOCALIZACIÓN Y ACCESO ELECTRÓNICOS |
| Identificador Uniforme de Recursos |
<a href="http://bdh-rd.bne.es/viewer.vm?id=0000057221&page=1 ">http://bdh-rd.bne.es/viewer.vm?id=0000057221&page=1 </a> |
| Nota pública |
Biblioteca Digital Hispánica |
| -- |
(v. 1) |
| 856 ## - LOCALIZACIÓN Y ACCESO ELECTRÓNICOS |
| Identificador Uniforme de Recursos |
<a href="http://bdh-rd.bne.es/viewer.vm?id=0000057236&page=1 ">http://bdh-rd.bne.es/viewer.vm?id=0000057236&page=1 </a> |
| Nota pública |
Biblioteca Digital Hispánica |
| -- |
(v. 2) |
| 856 ## - LOCALIZACIÓN Y ACCESO ELECTRÓNICOS |
| Identificador Uniforme de Recursos |
<a href="http://bdh-rd.bne.es/viewer.vm?id=0000057228&page=1 ">http://bdh-rd.bne.es/viewer.vm?id=0000057228&page=1 </a> |
| Nota pública |
Biblioteca Digital Hispánica |
| -- |
(v. 3) |
| 856 ## - LOCALIZACIÓN Y ACCESO ELECTRÓNICOS |
| Identificador Uniforme de Recursos |
<a href="http://bdh-rd.bne.es/viewer.vm?id=0000057276&page=1 ">http://bdh-rd.bne.es/viewer.vm?id=0000057276&page=1 </a> |
| Nota pública |
Biblioteca Digital Hispánica |
| -- |
(v. 4) |
| 856 ## - LOCALIZACIÓN Y ACCESO ELECTRÓNICOS |
| Identificador Uniforme de Recursos |
<a href="http://bdh-rd.bne.es/viewer.vm?id=0000057253&page=1 ">http://bdh-rd.bne.es/viewer.vm?id=0000057253&page=1 </a> |
| Nota pública |
Biblioteca Digital Hispánica |
| -- |
(v. 5) |
| 856 ## - LOCALIZACIÓN Y ACCESO ELECTRÓNICOS |
| Identificador Uniforme de Recursos |
<a href="http://bdh-rd.bne.es/viewer.vm?id=0000057309&page=1 ">http://bdh-rd.bne.es/viewer.vm?id=0000057309&page=1 </a> |
| Nota pública |
Biblioteca Digital Hispánica |
| -- |
(v. 6) |